000 00359nam a2200145Ia 4500
005 20260328104252.0
008 260328s9999||||xx |||||||||||||| ||und||
100 _aCruz Diez, Carlos
245 0 _aReflexiones sobre el Color /
_cCarlos Cruz Diez
250 _a1a ed.
260 _bFundación Juan March
300 _a159 p.
650 _aARTE
942 _cBK
999 _c10293
_d10293